| 000 | 01097nam a22003257a 4500 | ||
|---|---|---|---|
| 001 | 15998211 | ||
| 003 | OSt | ||
| 005 | 20170518103115.0 | ||
| 008 | 170302b xxu||||| |||| 00| 0 eng d | ||
| 010 | _a 2009046301 | ||
| 015 |
_aGBB000484 _2bnb |
||
| 016 | 7 |
_a015453099 _2Uk |
|
| 020 | _a9780470247884 (cloth) | ||
| 020 | _a0470247886 | ||
| 035 | _a(OCoLC)ocn473116816 | ||
| 040 |
_aMMU _cMMU _dMMU _dMMU _dMMU _dMMU _dMMU _dMMU _beng |
||
| 050 | 0 | 0 |
_aHD61 _b.F86 2010 |
| 082 | 0 | 0 |
_a658.15/5 _222 |
| 100 | 1 | _aFunston, Frederick. | |
| 245 | 1 | 0 |
_aSurviving and thriving in uncertainty : _bcreating the risk intelligent enterprise / _cFrederick Funston, Stephen Wagner. |
| 260 |
_aHoboken, N.J. : _bWiley, _cc2010. |
||
| 300 |
_axxvi, 338 p. : _bill. ; _c24 cm. |
||
| 504 | _aIncludes bibliographical references and index. | ||
| 650 | 0 |
_aRisk management. _9422 |
|
| 650 | 0 | _aUncertainty. | |
| 700 | 1 | _aWagner, Stephen. | |
| 906 |
_a7 _bcbc _corignew _d1 _eecip _f20 _gy-gencatlg |
||
| 942 |
_2lcc _cLOAN LOAN |
||
| 999 |
_c23971 _d23971 |
||